From Gutenberg to Google (Record no. 7516)

MARC details
000 -LEADER
fixed length control field 00544nam a22001937a 4500
003 - CONTROL NUMBER IDENTIFIER
control field OSt
005 - DATE AND TIME OF LATEST TRANSACTION
control field 20211122160254.0
008 - FIXED-LENGTH DATA ELEMENTS--GENERAL INFORMATION
fixed length control field 211122b ||||| |||| 00| 0 eng d
020 ## - INTERNATIONAL STANDARD BOOK NUMBER
International Standard Book Number 9780521864985
040 ## - CATALOGING SOURCE
Transcribing agency DDC
082 ## - DEWEY DECIMAL CLASSIFICATION NUMBER
Classification number 600SHI2007
100 ## - MAIN ENTRY--PERSONAL NAME
Personal name Shillingburg L,Peter
9 (RLIN) 15383
245 ## - TITLE STATEMENT
Title From Gutenberg to Google
Statement of responsibility, etc. Shillingburg L,Peter
260 ## - PUBLICATION, DISTRIBUTION, ETC. (IMPRINT)
Place of publication, distribution, etc. United Kingdom
Name of publisher, distributor, etc. Peter L.Shillingsburg
Date of publication, distribution, etc. 2006
300 ## - PHYSICAL DESCRIPTION
Extent v,216p;
Other physical details ill;
Dimensions 20cm
504 ## - BIBLIOGRAPHY, ETC. NOTE
Bibliography, etc Includes Bibliography& Index
650 ## - SUBJECT ADDED ENTRY--TOPICAL TERM
Source of heading or term Information Technology
942 ## - ADDED ENTRY ELEMENTS (KOHA)
Source of classification or shelving scheme Dewey Decimal Classification
Koha item type Open Shelf
Holdings
Withdrawn status Lost status Source of classification or shelving scheme Damaged status Not for loan Home library Current library Date acquired Source of acquisition Inventory number Total Checkouts Full call number Barcode Date last seen Price effective from Koha item type
    Dewey Decimal Classification     MUST Main Library MUST Main Library 22/11/2021 Donation 09/31766   600SHI2007 2021-1810 22/11/2021 22/11/2021 Open Shelf